| 000 | 01213 a2200265 4500 | ||
|---|---|---|---|
| 003 | NUST | ||
| 005 | 20221229154533.0 | ||
| 010 | _a 89000535 | ||
| 020 | _a0080362494 : | ||
| 020 | _a0080362508 (soft) : | ||
| 040 | _cNust | ||
| 082 | 0 | 0 | _a355.84,BAI |
| 100 | 1 |
_aBailey, A. _946757 |
|
| 245 | 1 | 0 |
_aExplosives, propellants, and pyrotechnics (Vol-2) / _cA. Bailey and S.G. Murray. |
| 250 | _a1st ed. | ||
| 260 |
_aLondon ; _aWashington : _bBrassey's (UK), _c1989. |
||
| 300 |
_axv, 187 p. : _bill. ; _c26 cm. |
||
| 440 | 0 |
_aLand warfare, Brassey's new battlefield weapons systems and technology series ; _vv. 2 _9106417 |
|
| 505 | _aThe Chemistry and Physics of Explosives (Page-1), The Explosion process: Detonation Shock Effects (Page-21), The Explosion Process: Gas Expansion Effects (Page-49), Initiation of Explosives (Page-59), Gun Propellants (Page-79), Rocket Propellants (Page-99), Pyrotechnics (Page-115) Pyromechanisms (Page-141), The Manufacture and Filling Integrity of Explosives Charges (Page-147). | ||
| 650 | 0 |
_aExplosives, Military. _946758 |
|
| 650 | 0 |
_aMilitary fireworks. _946759 |
|
| 650 | 0 |
_aPropellants. _946760 |
|
| 700 | 1 |
_aMurray, S. G. _946761 |
|
| 942 |
_2ddc _cBK _k355.84,BAI |
||
| 999 |
_c186309 _d186309 |
||